000
00391 a2200157 4500
000
BKB
001
066080
005
20200902145624.0
008
082
_a
801.95
_b
C43T
100
1
_a
Childs, Peter
245
1
_a
Texts
_c
by Peter Childs
260
_a
Edinburgh
_b
Edinburgh University Press
_c
2006
300
_a
177p.
690
_a
Criticism
999
_c
272
_d
272